| 000 | 00390nam a22001457a 4500 | ||
|---|---|---|---|
| 003 | OSt | ||
| 005 | 20160727222342.0 | ||
| 008 | 160620b xxu||||| |||| 00| 0 eng d | ||
| 040 | _cTest | ||
| 100 |
_9127 _aCreative _cDavid and Goliath: Bible Story |
||
| 245 |
_aDavid and Goliath _bBible Story |
||
| 260 |
_aCanada _b Creative _c2003 |
||
| 300 | _aDavid and Goliath: Bible Story | ||
| 942 |
_2ddc _cBK |
||
| 999 |
_c101 _d101 |
||